| 000 | 005350000a22001810004500 | ||
|---|---|---|---|
| 020 | _a0-85151-181-3 | ||
| 041 | 0 | _aENG | |
| 082 | 0 | 4 | _aG 253 S7723a |
| 100 | 1 | _aSpurgeon, C. H. (Charles Haddon) (1834-1892) | |
| 245 | 1 | 0 | _aAn all round ministry : Addresses to ministers and students / C. H. Spurgeon |
| 260 | _aCarlisle, PA., USA : The Banner of Truth Trust | ||
| 300 | _a396 Pag | ||
| 001 | 10074 | ||
| 942 | _cBK | ||
| 999 |
_c39816 _d39816 |
||
| 336 |
_atexto _btxt _2rdacontent |
||
| 337 |
_2rdamedia _asin mediación _bn |
||
| 338 |
_2rdacarrier _avolumen _bnc |
||